Successors and Predecessors of U.S. Presidents - Picture Quiz - Statistics

General Stats
  • This quiz has been taken 10 times
  • The average score is 25 of 30
Answer Stats
Picture Answer % Correct
Donald Trump
100%
George H. W. Bush
100%
George H. W. Bush
100%
George W. Bush
100%
George W. Bush
100%
Gerald Ford
100%
Harry S. Truman
100%
Herbert Hoover
100%
James Buchanan
100%
Jimmy Carter
100%
Lyndon B. Johnson
100%
Andrew Johnson
88%
John Quincy Adams
88%
Martin Van Buren
88%
Theodore Roosevelt
88%
George Washington
75%
Herbert Hoover
75%
James K. Polk
75%
James Madison
75%
John Quincy Adams
75%
Thomas Jefferson
75%
Warren G. Harding
75%
Warren G. Harding
75%
William Henry Harrison
75%
William Howard Taft
75%
Abraham Lincoln
63%
Franklin Pierce
63%
Grover Cleveland
63%
James K. Polk
63%
Millard Fillmore
63%
No matching quizzes found
Score Distribution
Percent of People with Each Score
Percentile by Number Answered
Your Score History
You have not taken this quiz